000 01018nam a2200325Ia 4500
001 Z_5181
003 CHAP
008 220113s2004 xx 000 0 und d
010 _a168241
020 _a970-729-068-4
040 _cCHAP
082 _a612 G35 2004
100 _aGanong, William F.
_945561
245 _aFisiología médica /
_cWilliam F. Ganong; traducción Martha Elena Araiza Martínez; revisión técnica Mario R. Testelli Mattarelli
250 _a19a ed.
260 _aMéxico :
_bEl Manual Moderno,
_c2004
300 _ax, 914 p.
500 _aTítulo original de la obra : Review of medical phisiology, 21th ed. de 2003
503 _aej.1: C/E \ ej.2: C/E \ ej.3: 224957
504 _aIncluye bibliografía e índice
650 _aFisiología humána
_9137527
700 _a Testelli Mattarelli, Mario R., rev.
_9142506
700 _aAraiza Martínez, Martha Elena, tr.
901 _a612 G35 2004
902 _aM
910 _a2004
942 _c1
942 _cc1
999 _c168241
_d168241